<?xml version="1.0" encoding="UTF-8"?><?xml-stylesheet type="text/xsl" href="static/style.xsl"?><OAI-PMH xmlns="http://www.openarchives.org/OAI/2.0/" xmlns:xsi="http://www.w3.org/2001/XMLSchema-instance" xsi:schemaLocation="http://www.openarchives.org/OAI/2.0/ http://www.openarchives.org/OAI/2.0/OAI-PMH.xsd"><responseDate>2026-04-17T02:52:08Z</responseDate><request verb="GetRecord" identifier="oai:www.recercat.cat:2117/188740" metadataPrefix="marc">https://recercat.cat/oai/request</request><GetRecord><record><header><identifier>oai:recercat.cat:2117/188740</identifier><datestamp>2025-07-23T01:14:54Z</datestamp><setSpec>com_2072_1033</setSpec><setSpec>col_2072_452951</setSpec></header><metadata><record xmlns="http://www.loc.gov/MARC21/slim" xmlns:dcterms="http://purl.org/dc/terms/" xmlns:xsi="http://www.w3.org/2001/XMLSchema-instance" xmlns:doc="http://www.lyncode.com/xoai" xsi:schemaLocation="http://www.loc.gov/MARC21/slim http://www.loc.gov/standards/marcxml/schema/MARC21slim.xsd">
   <leader>00925njm 22002777a 4500</leader>
   <datafield ind2=" " ind1=" " tag="042">
      <subfield code="a">dc</subfield>
   </datafield>
   <datafield ind2=" " ind1=" " tag="720">
      <subfield code="a">Ruiz Moreno, Jonathan Ildefonso</subfield>
      <subfield code="e">author</subfield>
   </datafield>
   <datafield ind2=" " ind1=" " tag="720">
      <subfield code="a">Carrillo Argüelles, Oscar</subfield>
      <subfield code="e">author</subfield>
   </datafield>
   <datafield ind2=" " ind1=" " tag="260">
      <subfield code="c">2007-04</subfield>
   </datafield>
   <datafield ind2=" " ind1=" " tag="520">
      <subfield code="a">En este proyecto se han aplicado los conocimientos y métodos adquiridos durante la carrera de Ingeniería técnica en topografía, desde la aplicación de métodos topográficos clásicos hasta la implementación del GPS en topografía. Todo ello ligado con el objetivo de mejora de una vía de comunicación.&#xd;
Este proyecto encaja con las ideas que se tenían en mente antes de la realización del trabajo, dando como cumplidas nuestras expectativas iniciales.&#xd;
Para la elección de la zona, dentro de las alternativas que se barajaron, se decidió que la mejor zona de aplicación debía de ser el Camí de la Serra. Esta vía cuenta con diversos inconvenientes que impiden un tránsito confortable durante todo su recorrido. El ámbito de acción de este proyecto ha sido desde el inicio del Camí de la Serra, en la población de Teià, hasta su enlace con la carretera comarcal BP-5002.</subfield>
   </datafield>
   <datafield tag="653" ind2=" " ind1=" ">
      <subfield code="a">Àrees temàtiques de la UPC::Enginyeria civil::Geomàtica::Cartografia</subfield>
   </datafield>
   <datafield tag="653" ind2=" " ind1=" ">
      <subfield code="a">Surveys</subfield>
   </datafield>
   <datafield tag="653" ind2=" " ind1=" ">
      <subfield code="a">Carreteres -- Catalunya</subfield>
   </datafield>
   <datafield tag="653" ind2=" " ind1=" ">
      <subfield code="a">Carreteres -- Manteniment i reparació -- Maresme, el (Catalunya)</subfield>
   </datafield>
   <datafield tag="653" ind2=" " ind1=" ">
      <subfield code="a">Aixecaments topogràfics -- Maresme, el (Catalunya)</subfield>
   </datafield>
   <datafield tag="653" ind2=" " ind1=" ">
      <subfield code="a">Maresme (Catalunya) -- Aixecaments topogràfics</subfield>
   </datafield>
   <datafield ind2="0" ind1="0" tag="245">
      <subfield code="a">Transformación de un camino rural en carretera entre Masnou y Teià</subfield>
   </datafield>
</record></metadata></record></GetRecord></OAI-PMH>